Numerical Computing and Mathematical Analysis (Record no. 1979)

MARC details
000 -LEADER
fixed length control field 00825nam a2200265 i 4500
001 - CONTROL NUMBER
control field 4098147
003 - CONTROL NUMBER IDENTIFIER
control field OSt
005 - DATE AND TIME OF LATEST TRANSACTION
control field 20191118115904.0
008 - FIXED-LENGTH DATA ELEMENTS--GENERAL INFORMATION
fixed length control field 770314s1975 ilua b 001 0 eng
010 ## - LIBRARY OF CONGRESS CONTROL NUMBER
LC control number 74078163
020 ## - INTERNATIONAL STANDARD BOOK NUMBER
International Standard Book Number 0574191550
040 ## - CATALOGING SOURCE
Original cataloging agency DLC
Transcribing agency DLC
Modifying agency DLC
050 00 - LIBRARY OF CONGRESS CALL NUMBER
Classification number QA297
Item number .P56
082 00 - DEWEY DECIMAL CLASSIFICATION NUMBER
Classification number 515
Item number PIZ 1997
100 1# - MAIN ENTRY--PERSONAL NAME
Personal name Pizer, Stephen M.
9 (RLIN) 5193
245 10 - TITLE STATEMENT
Title Numerical Computing and Mathematical Analysis
260 ## - PUBLICATION, DISTRIBUTION, ETC. (IMPRINT)
Place of publication, distribution, etc. Chicago :
Name of publisher, distributor, etc. Science Research Associates,
Date of publication, distribution, etc. 1975.
300 ## - PHYSICAL DESCRIPTION
Extent xxvii, 529 p. :
Other physical details ill. ;
Dimensions 25 cm.
490 0# - SERIES STATEMENT
Series statement Computer science series
504 ## - BIBLIOGRAPHY, ETC. NOTE
Bibliography, etc Includes bibliographies and index.
650 #0 - SUBJECT ADDED ENTRY--TOPICAL TERM
Topical term or geographic name as entry element Numerical analysis
General subdivision Data processing.
9 (RLIN) 5194
650 #0 - SUBJECT ADDED ENTRY--TOPICAL TERM
Topical term or geographic name as entry element Mathematical analysis
General subdivision Data processing.
9 (RLIN) 5195
906 ## - LOCAL DATA ELEMENT F, LDF (RLIN)
a 7
b cbc
c orignew
d 2
e opcn
f 19
g y-gencatlg
942 ## - ADDED ENTRY ELEMENTS (KOHA)
Source of classification or shelving scheme Dewey Decimal Classification
Koha item type Short Loan
Holdings
Withdrawn status Lost status Source of classification or shelving scheme Damaged status Not for loan Home library Current library Date acquired Inventory number Total Checkouts Full call number Barcode Date last seen Price effective from Koha item type
    Dewey Decimal Classification     MUST Main Library MUST Main Library 05/06/2015 2004/21355   515 PIZ 1997 2015-1755 05/06/2015 05/06/2015 Short Loan